Online Catalogue and eLibrary

Paniyil moli eluthi (Record no. 4123)

MARC details
000 -LEADER
fixed length control field 00323nam a2200133Ia 4500
005 - DATE AND TIME OF LATEST TRANSACTION
control field 20250404071650.0
008 - FIXED-LENGTH DATA ELEMENTS--GENERAL INFORMATION
fixed length control field 240331s9999 xx 000 0 und d
082 ## - DDC Classification
Item Number - Author Mark SOL
Class No. 894
100 ## - MAIN ENTRY--PERSONAL NAME
Personal name Solaikkili,
245 #0 - TITLE STATEMENT
Title Paniyil moli eluthi
260 ## - PUBLICATION, DISTRIBUTION, ETC.
Place of publication, distribution, etc. Coimbatore
Name of publisher, distributor, etc. Vidiyal Pathippagam
Date of publication, distribution, etc. 1996
300 ## - PHYSICAL DESCRIPTION
Extent (e.g. Volumes, Pages etc.) 107 p .,
942 ## - Koha item type (Biblio)
Koha item type Books in Stacks (Lending)
Holdings
Lost status Damaged status Collection code Home library Current library Shelving location Date acquired Full call number Accession Number Item type
    Lending WERC Library WERC Library Social Science Cupboard 03/31/2024 894.811 SOL 2252 Books in Stacks (Lending)

© WERC Library